| 000 | 00798nam a2200229 4500 | ||
|---|---|---|---|
| 003 | OSt | ||
| 005 | 20260530113852.0 | ||
| 008 | 260504b2006 nyua|||| |||| 00| 0 eng d | ||
| 040 |
_aICI _bspa _cICI |
||
| 050 |
_aTA403.6 _bT73 2010 |
||
| 100 | 1 |
_aBlaine Brownell _931332 |
|
| 245 | 0 | 0 |
_aTransmaterial : _ba catalog of materials that redefine our physical environment / _cedited by Blaine Brownell |
| 264 | 1 |
_aNew York : _bPrinceton Architectural Press, _cc2006 |
|
| 300 |
_a237 páginas : _bilustraciones |
||
| 336 |
_atexto _2rdacontent |
||
| 337 |
_asin medio _2rdamedia |
||
| 338 |
_avolumen _2rdacarrier |
||
| 650 | 0 |
_aMateriales _x Innovaciones tecnológicas _931333 |
|
| 650 | 0 |
_aMateriales _vCatálogos _931334 |
|
| 700 | 1 |
_aBrownell, Blaine Erickson, _d1970- _eeditor _931335 |
|
| 942 |
_2ddc _cBK |
||
| 999 |
_c11489 _d11489 |
||